000 00312nam a22001337a 4500
005 20230726121352.0
008 230726b |||||||| |||| 00| 0 eng d
041 _aeng
100 _aGOI
_97878
245 _aCONTITUTION OF INDIA
260 _aNEW DELHI
_bGOVERNMENT OF INDIA
_c2018
300 _a230;p
942 _cBK
999 _c8339
_d8337